Statistics for Countries Bordering Brazil (with a map)

Click here to take the quiz!

General Stats

  • This quiz has been taken 280 times
  • The average score is 10 of 10

Answers on the Map

Answers color-coded by a green-red scale on the quiz's map according to % correct below.
Loading ...
 

Answer Stats

LengthCountry% Correct
1,261 kmArgentina
99%
3,423 kmBolivia
99%
1,644 kmColombia
99%
1,365 kmParaguay
99%
2,995 kmPeru
99%
593 kmSuriname
98%
1,068 kmUruguay
98%
2,200 kmVenezuela
98%
1,606 kmGuyana
97%
730 kmFrance (French Guiana)
95%

Score Distribution

Percentile by Number Answered

Percent of People with Each Score

Your Score History

You have not taken this quiz